<?xml version="1.0" encoding="UTF-8"?>
<collection xmlns="http://www.loc.gov/MARC21/slim">
<record>
  <controlfield tag="001">145367</controlfield>
  <controlfield tag="005">20260114074453.0</controlfield>
  <datafield tag="593" ind1=" " ind2=" ">
    <subfield code="a">Aging</subfield>
    <subfield code="c">2024</subfield>
    <subfield code="d">Q4</subfield>
  </datafield>
  <datafield tag="593" ind1=" " ind2=" ">
    <subfield code="a">Medicine (miscellaneous)</subfield>
    <subfield code="c">2024</subfield>
    <subfield code="d">Q4</subfield>
  </datafield>
  <datafield tag="593" ind1=" " ind2=" ">
    <subfield code="a">Geriatrics and Gerontology</subfield>
    <subfield code="c">2024</subfield>
    <subfield code="d">Q4</subfield>
  </datafield>
  <datafield tag="592" ind1=" " ind2=" ">
    <subfield code="a">0.199</subfield>
    <subfield code="b">2024</subfield>
  </datafield>
  <datafield tag="594" ind1=" " ind2=" ">
    <subfield code="a">1.3</subfield>
    <subfield code="b">2024</subfield>
  </datafield>
  <datafield tag="980" ind1=" " ind2=" ">
    <subfield code="a">ARTICLE</subfield>
  </datafield>
  <datafield tag="700" ind1=" " ind2=" ">
    <subfield code="0">(orcid)0000-0003-4755-6842</subfield>
    <subfield code="a">Murillo Pardo, Berta</subfield>
    <subfield code="u">Universidad de Zaragoza</subfield>
  </datafield>
  <datafield tag="700" ind1=" " ind2=" ">
    <subfield code="0">(orcid)0000-0002-4269-9580</subfield>
    <subfield code="a">Generelo Lanaspa, Eduardo</subfield>
    <subfield code="u">Universidad de Zaragoza</subfield>
  </datafield>
  <datafield tag="700" ind1=" " ind2=" ">
    <subfield code="a">García Bengoechea, Enrique</subfield>
  </datafield>
  <datafield tag="037" ind1=" " ind2=" ">
    <subfield code="a">ART-2024-140247</subfield>
  </datafield>
  <datafield tag="856" ind1="4" ind2=" ">
    <subfield code="s">935751</subfield>
    <subfield code="u">http://zaguan.unizar.es/record/145367/files/texto_completo.pdf</subfield>
    <subfield code="y">Postprint</subfield>
    <subfield code="z">info:eu-repo/date/embargoEnd/2025-10-08</subfield>
  </datafield>
  <datafield tag="856" ind1="4" ind2=" ">
    <subfield code="s">2564094</subfield>
    <subfield code="u">http://zaguan.unizar.es/record/145367/files/texto_completo.jpg?subformat=icon</subfield>
    <subfield code="x">icon</subfield>
    <subfield code="y">Postprint</subfield>
    <subfield code="z">info:eu-repo/date/embargoEnd/2025-10-08</subfield>
  </datafield>
  <datafield tag="951" ind1=" " ind2=" ">
    <subfield code="a">2026-01-12-12:55:21</subfield>
  </datafield>
  <datafield tag="540" ind1=" " ind2=" ">
    <subfield code="9">info:eu-repo/semantics/openAccess</subfield>
    <subfield code="a">by-nc-nd</subfield>
    <subfield code="u">https://creativecommons.org/licenses/by-nc-nd/4.0/deed.es</subfield>
  </datafield>
  <datafield tag="655" ind1=" " ind2="4">
    <subfield code="a">info:eu-repo/semantics/article</subfield>
    <subfield code="v">info:eu-repo/semantics/acceptedVersion</subfield>
  </datafield>
  <datafield tag="520" ind1="3" ind2=" ">
    <subfield code="a">Objetivo
El objetivo de este estudio es examinar los efectos a largo plazo de un programa denominado «Ser Mayor, un RETO» destinado a mejorar la calidad de vida de los adultos mayores de 60 y más años que viven en la comunidad.
Métodos
Este programa utilizó principios de co-diseño para crear oportunidades sostenibles para mejorar la calidad de vida, conectarse con la comunidad y empoderar a los adultos mayores para que asuman la responsabilidad de su propia salud. «Ser Mayor, un RETO» se basó en la perspectiva bio-social-ecológica de Bronfenbrenner y en el modelo de activos sanitarios. Su diseño se complementó con guías basadas en la educación del ocio y la promoción de la actividad física, identificadas en la literatura científica. El diseño del estudio fue cuasiexperimental, con grupo control, y se llevó a cabo durante un periodo de 20 meses (septiembre de 2017 a junio de 2019) en varios municipios cercanos a la ciudad de Zaragoza (España), con la participación de 213 adultos mayores (n = 120 grupo experimental y n = 93 grupo control). Los datos se analizaron mediante modelos mixtos lineales generalizados que controlaban la edad y el sexo de los participantes y tenían en cuenta las diferencias iniciales entre los grupos en los resultados del estudio.
Resultados
Los resultados indican que el grupo experimental experimentó una mejoría en los niveles de calidad de vida en relación con el grupo control, la cual se mantuvo durante el período de estudio, especialmente en varias dimensiones físicas de calidad de vida: función física (p = 0,014), rol físico (p = 0,027) y resumen del componente físico (p = 0,022) y en el rol emocional (p = 0,033).
Conclusión
El programa «Ser Mayor, un RETO» tuvo un efecto positivo en la calidad de vida de los adultos mayores, mostrando potencial para la sostenibilidad de sus efectos y para que los prestadores de servicios desarrollen un sentido de apropiación sobre el programa.</subfield>
  </datafield>
  <datafield tag="506" ind1="0" ind2=" ">
    <subfield code="a">Access copy available to the general public</subfield>
    <subfield code="f">Unrestricted</subfield>
  </datafield>
  <datafield tag="773" ind1=" " ind2=" ">
    <subfield code="g">60, 1 (2024), 101537 [8 pp.]</subfield>
    <subfield code="p">Rev. esp. geriatr. gerontol.</subfield>
    <subfield code="t">Revista Espanola de Geriatria y Gerontologia</subfield>
    <subfield code="x">0211-139X</subfield>
  </datafield>
  <datafield tag="710" ind1="2" ind2=" ">
    <subfield code="1">3001</subfield>
    <subfield code="2">187</subfield>
    <subfield code="a">Universidad de Zaragoza</subfield>
    <subfield code="b">Dpto. Expres.Music.Plást.Corp.</subfield>
    <subfield code="c">Área Didáctica Expres.Corporal</subfield>
  </datafield>
  <datafield tag="245" ind1=" " ind2=" ">
    <subfield code="a">Efectos a largo plazo de un programa de actividad física enriquecido en la calidad de vida relacionada con la salud en adultos mayores</subfield>
  </datafield>
  <datafield tag="024" ind1="7" ind2=" ">
    <subfield code="2">doi</subfield>
    <subfield code="a">10.1016/j.regg.2024.101537</subfield>
  </datafield>
  <datafield tag="024" ind1="8" ind2=" ">
    <subfield code="2">sideral</subfield>
    <subfield code="a">140247</subfield>
  </datafield>
  <datafield tag="260" ind1=" " ind2=" ">
    <subfield code="c">2024</subfield>
  </datafield>
  <datafield tag="100" ind1=" " ind2=" ">
    <subfield code="a">Lisón Loriente, Víctor Ramón</subfield>
    <subfield code="u">Universidad de Zaragoza</subfield>
  </datafield>
  <datafield tag="041" ind1=" " ind2=" ">
    <subfield code="a">spa</subfield>
  </datafield>
  <datafield tag="909" ind1="C" ind2="O">
    <subfield code="o">oai:zaguan.unizar.es:145367</subfield>
    <subfield code="p">articulos</subfield>
    <subfield code="p">driver</subfield>
  </datafield>
</record>
</collection>